[Event "Bad Woerishofen Seniors op 21st"]
[Site "Bad Woerishofen"]
[Date "2005.03.03"]
[Round "1"]
[White "Zacharias, Helmut"]
[Black "Kraft, Hans"]
[Result "0-1"]
[WhiteElo "1340"]
[BlackElo "2052"]
[PlyCount "98"]
[EventDate "2005.03.03"]
[EventType "swiss"]
[EventRounds "9"]
[EventCountry "GER"]
[SourceTitle "EXT 2006"]
[Source "ChessBase"]
[SourceDate "2005.11.24"]
[SourceVersion "1"]
[SourceVersionDate "2005.11.24"]
[SourceQuality "1"]

1. d4 Nf6 2. Nd2 d5 3. Ngf3 e6 4. g3 c5 5. c3 Nc6 6. e3 Bd6 7. Bg2 0-0 8. 0-0 b6 9. Re1 Bb7 10. e4 dxe4 11. Nxe4 Nxe4 12. Rxe4 Be7 13. Re1 Na5 14. b4 cxb4 15. Qd3 bxc3 16. Qxc3 Bf6 17. Be3 Qc8 18. Rac1 Qxc3 19. Rxc3 Rac8 20. Rec1 Rxc3 21. Rxc3 Rc8 22. Rxc8+ Bxc8 23. h4 Bb7 24. g4 Bd5 25. a3 Nc4 26. g5 Be7 27. a4 Bc6 28. Ne5 Nxe5 29. dxe5 Bxa4 30. Be4 g6 31. Kf1 Bc5 32. Bxc5 bxc5 33. Ke2 Kf8 34. Kd3 Bb5+ 35. Kc3 Ke7 36. f4 a5 37. Bf3 Kd7 38. h5 gxh5 39. Bxh5 Ke7 40. Bd1 Kf8 41. Bc2 Kg7 42. f5 exf5 43. Bxf5 h5 44. e6 fxe6 45. Bxe6 Kg6 46. Bc8 Kxg5 47. Bh3 h4 48. Kb3 Kf4 49. Be6 Kg3 0-1

[Event "Bad Woerishofen Seniors op 19th"]
[Site "Bad Woerishofen"]
[Date "2003.03.20"]
[Round "8"]
[White "Hennige, Anneliese"]
[Black "Zacharias, Helmut"]
[Result "0-1"]
[WhiteElo "1236"]
[BlackElo "1339"]
[PlyCount "64"]
[EventDate "2003.03.13"]
[EventType "swiss"]
[EventRounds "9"]
[EventCountry "GER"]
[SourceTitle "EXT 2004"]
[Source "ChessBase"]
[SourceDate "2003.11.25"]
[SourceVersion "1"]
[SourceVersionDate "2003.11.25"]
[SourceQuality "1"]

1. e4 c5 2. Nf3 Nc6 3. c3 g6 4. d4 cxd4 5. cxd4 Bg7 6. Be3 e6 7. Nc3 Nge7 8. Nb5 d5 9. e5 0-0 10. Bd3 Qb6 11. 0-0 Bd7 12. a4 a6 13. Qb3 axb5 14. Bxb5 Qd8 15. Qc3 f6 16. g4 Rc8 17. g5 fxe5 18. Nxe5 Nxe5 19. Qb3 Nf3+ 20. Kh1 Nf5 21. Be2 N3xd4 22. Qd1 Nxe2 23. Qxe2 Bc6 24. Kg1 e5 25. Rad1 Nh4 26. f3 d4 27. Bc1 Nxf3+ 28. Rxf3 Bxf3 29. Qd3 Bxd1 30. Qxd1 Qc7 31. Bd2 Qc2 32. Qe2 e4 0-1

[Event "Bad Woerishofen Seniors op 19th"]
[Site "Bad Woerishofen"]
[Date "2003.03.14"]
[Round "2"]
[White "Miessner, Rolf"]
[Black "Zacharias, Helmut"]
[Result "1-0"]
[WhiteElo "1665"]
[BlackElo "1339"]
[PlyCount "111"]
[EventDate "2003.03.13"]
[EventType "swiss"]
[EventRounds "9"]
[EventCountry "GER"]
[SourceTitle "EXT 2004"]
[Source "ChessBase"]
[SourceDate "2003.11.25"]
[SourceVersion "1"]
[SourceVersionDate "2003.11.25"]
[SourceQuality "1"]

1. e4 c5 2. Nc3 Nc6 3. g3 Nf6 4. Bg2 g6 5. d3 Bg7 6. f4 0-0 7. Nf3 d6 8. Be3 Ng4 9. Bg1 e5 10. h3 Nh6 11. Be3 f5 12. Qd2 Nd4 13. fxe5 Nxf3+ 14. Bxf3 fxe4 15. Bxe4 Nf5 16. Bd5+ Kh8 17. Bg5 Qe8 18. 0-0-0 Bxe5 19. g4 Nd4 20. Rhf1 Ne6 21. Bh6 Bg7 22. Bxg7+ Kxg7 23. Rde1 Rxf1 24. Rxf1 Qe7 25. Ne4 Bd7 26. Bxe6 Bxe6 27. Qc3+ Kh6 28. Qd2+ Kg7 29. Qc3+ Kh6 30. Qf6 Qxf6 31. Rxf6 Bd5 32. Nxd6 Kg7 33. g5 b6 34. c4 Bg8 35. Kd2 Rf8 36. Rxf8 Kxf8 37. Nc8 Be6 38. Nxa7 Bxh3 39. Nb5 Ke7 40. Nc3 Bg2 41. Ke3 Ke6 42. Kf4 Bf1 43. Na4 Bxd3 44. Nxb6 Kd6 45. a4 Kc6 46. a5 Kb7 47. Ke5 Ka6 48. Kd5 Kxa5 49. Kxc5 Ka6 50. Nd5 Kb7 51. Nf6 h6 52. gxh6 g5 53. h7 Bxh7 54. Nxh7 g4 55. Ng5 g3 56. Nh3 1-0

[Event "Bad Zwesten op 7th"]
[Site "Bad Zwesten"]
[Date "2003.??.??"]
[Round "4"]
[White "Jageniak, Sebastian"]
[Black "Zacharias, Helmut"]
[Result "1-0"]
[WhiteElo "1226"]
[BlackElo "1400"]
[PlyCount "55"]
[EventDate "2003.01.02"]
[EventType "swiss"]
[EventRounds "9"]
[EventCountry "GER"]
[SourceTitle "CBM 092 Extra"]
[Source "ChessBase"]
[SourceDate "2003.03.07"]
[SourceVersion "1"]
[SourceVersionDate "2003.03.07"]
[SourceQuality "1"]

1. d4 Nf6 2. c4 g6 3. Nf3 Bg7 4. Nc3 d6 5. Bf4 0-0 6. e3 Nh5 7. Bg5 f6 8. Bh4 g5 9. Bg3 Nxg3 10. hxg3 Bg4 11. Qc2 h5 12. Nd2 Qe8 13. f3 Bd7 14. Bd3 f5 15. g4 h4 16. gxf5 Rf6 17. Nde4 Nc6 18. Nxf6+ exf6 19. Ne4 Nb4 20. Qb3 Nxd3+ 21. Qxd3 Bxf5 22. 0-0-0 Kf7 23. Nxg5+ fxg5 24. Qxf5+ Bf6 25. e4 Qa4 26. e5 Qxc4+ 27. Kb1 dxe5 28. dxe5 1-0

[Event "Bad Zwesten op 7th"]
[Site "Bad Zwesten"]
[Date "2003.??.??"]
[Round "5"]
[White "Zacharias, Helmut"]
[Black "Schwoebel, Ann Kathrin"]
[Result "1-0"]
[WhiteElo "1400"]
[BlackElo "976"]
[PlyCount "85"]
[EventDate "2003.01.02"]
[EventType "swiss"]
[EventRounds "9"]
[EventCountry "GER"]
[SourceTitle "CBM 092 Extra"]
[Source "ChessBase"]
[SourceDate "2003.03.07"]
[SourceVersion "1"]
[SourceVersionDate "2003.03.07"]
[SourceQuality "1"]

1. d4 d5 2. Nf3 e6 3. g3 Nf6 4. Bg2 Nbd7 5. 0-0 Be7 6. Nbd2 0-0 7. Re1 c5 8. c3 b6 9. e4 Bb7 10. e5 Ne8 11. h4 f6 12. exf6 Nexf6 13. Rxe6 Rc8 14. Qb3 Re8 15. c4 dxc4 16. Qc3 Bd5 17. Re1 b5 18. a3 Bd6 19. Rxe8+ Qxe8 20. Qe3 Qg6 21. Qg5 Qf7 22. Ne5 Qe7 23. Bxd5+ Nxd5 24. Qxe7 Nxe7 25. Nxd7 cxd4 26. f4 Nd5 27. Ne4 Be7 28. Bd2 Re8 29. Re1 a5 30. Bxa5 d3 31. Ne5 Ra8 32. Bd2 Rd8 33. Nc6 Rd7 34. Nxe7+ Rxe7 35. Kf2 Kf7 36. Nd6+ Kf6 37. Rxe7 Kxe7 38. Nxb5 Ke6 39. Nd4+ Kf6 40. Kf3 h6 41. Ke4 Ne7 42. Bc3 Kf7 43. Nf5 1-0

[Event "Baunatal op 8th"]
[Site "Baunatal"]
[Date "2002.08.11"]
[Round "7"]
[White "Brahn, Helmut"]
[Black "Zacharias, Helmut"]
[Result "1-0"]
[WhiteElo "1631"]
[BlackElo "1384"]
[PlyCount "122"]
[EventDate "2002.08.09"]
[EventType "swiss"]
[EventRounds "7"]
[EventCountry "GER"]
[SourceTitle "EXT 2003"]
[Source "ChessBase"]
[SourceDate "2002.11.25"]
[SourceVersion "1"]
[SourceVersionDate "2002.11.25"]
[SourceQuality "1"]

1. c4 c5 2. Nf3 Nc6 3. Nc3 g6 4. d4 cxd4 5. Nxd4 Bg7 6. Nxc6 bxc6 7. Qc2 d6 8. e4 Nf6 9. h3 0-0 10. Be2 d5 11. cxd5 cxd5 12. exd5 Bf5 13. Qd1 Rb8 14. 0-0 Ne8 15. Re1 Nd6 16. Bd3 Bd7 17. Bg5 f6 18. Bf4 Rxb2 19. Rb1 Rxb1 20. Bxb1 f5 21. Qd2 Nc4 22. Qc1 Bf6 23. Bh6 Rf7 24. Ne2 Ne5 25. f4 Qb6+ 26. Kh1 Ng4 27. hxg4 fxg4 28. Bd3 Qf2 29. Bg5 h6 30. Bxf6 Rxf6 31. Bc4 Kg7 32. Qc3 Kh7 33. Ng3 Qxf4 34. Rxe7+ Rf7 35. d6 Rxe7 36. dxe7 Qd6 37. Qe3 Qd1+ 38. Nf1 Qa4 39. Qe2 h5 40. Bb3 Qc6 41. Qc4 Qxc4 42. Bxc4 Kg7 43. Ne3 Kf6 44. Nd5+ Kf7 45. Kh2 h4 46. Nf4+ Kxe7 47. Nxg6+ Kf6 48. Nxh4 Kg5 49. g3 Bc6 50. Ng2 a5 51. a3 Bf3 52. Ne3 Bc6 53. Kg1 Bf3 54. Kf2 Bc6 55. Ke2 Bf3+ 56. Kd3 Bc6 57. Kd4 Bd7 58. Kc5 Kf6 59. Be2 Kg5 60. Bxg4 Be8 61. Kb6 a4 1-0

[Event "Baunatal op 8th"]
[Site "Baunatal"]
[Date "2002.08.10"]
[Round "3"]
[White "Zacharias, Helmut"]
[Black "Poetsch, Gero"]
[Result "0-1"]
[WhiteElo "1384"]
[BlackElo "1705"]
[PlyCount "58"]
[EventDate "2002.08.09"]
[EventType "swiss"]
[EventRounds "7"]
[EventCountry "GER"]
[SourceTitle "EXT 2003"]
[Source "ChessBase"]
[SourceDate "2002.11.25"]
[SourceVersion "1"]
[SourceVersionDate "2002.11.25"]
[SourceQuality "1"]

1. d4 e6 2. Nf3 c5 3. e3 d5 4. c3 Nf6 5. g3 Nbd7 6. Bg2 Qc7 7. 0-0 b6 8. Nbd2 Bb7 9. Re1 Be7 10. h3 0-0 11. Nh2 Ne4 12. Nxe4 dxe4 13. c4 f5 14. d5 exd5 15. cxd5 Nf6 16. g4 Bd6 17. Nf1 Rad8 18. gxf5 Nxd5 19. Bxe4 Nxe3 20. Qb3+ c4 21. Qxe3 Rde8 22. f3 Bc5 23. Bxb7 Qxb7 24. Kg2 Bxe3 25. Nxe3 Rxf5 26. Rf1 Rfe5 27. Nxc4 Re2+ 28. Kg1 Qc6 29. b3 Qg6+ 0-1

[Event "Baunatal op 8th"]
[Site "Baunatal"]
[Date "2002.08.09"]
[Round "1"]
[White "Zacharias, Helmut"]
[Black "Kuehn, Patrick"]
[Result "0-1"]
[WhiteElo "1384"]
[BlackElo "2067"]
[PlyCount "80"]
[EventDate "2002.08.09"]
[EventType "swiss"]
[EventRounds "7"]
[EventCountry "GER"]
[SourceTitle "EXT 2003"]
[Source "ChessBase"]
[SourceDate "2002.11.25"]
[SourceVersion "1"]
[SourceVersionDate "2002.11.25"]
[SourceQuality "1"]

1. d4 g6 2. Nf3 Bg7 3. c3 Nf6 4. g3 0-0 5. Bg2 d6 6. 0-0 Nbd7 7. Re1 e5 8. dxe5 dxe5 9. Ng5 h6 10. Ne4 Nxe4 11. Bxe4 f5 12. Bg2 Qf6 13. Nd2 Nc5 14. f3 f4 15. b4 Na6 16. Ne4 Qb6+ 17. e3 Bf5 18. g4 Bxe4 19. fxe4 Rad8 20. Qe2 c6 21. Bf3 Nc7 22. a4 Ne8 23. Kg2 Kh7 24. h4 Qc7 25. c4 Qe7 26. h5 gxh5 27. gxh5 Qg5+ 28. Kf1 fxe3 29. Qxe3 Qxh5 30. Kg2 Qg6+ 31. Kh2 Nd6 32. Rg1 Qf6 33. Rg3 Nxc4 34. Qxa7 Rf7 35. Qc5 Rd4 36. Ra2 b6 37. Be3 bxc5 38. Bxd4 cxd4 39. Bh5 Qh4+ 40. Rh3 Rf2+ 0-1

[Event "Bad Woerishofen Seniors op 18th"]
[Site "Bad Woerishofen"]
[Date "2002.03.14"]
[Round "8"]
[White "Malik, Rosemarie"]
[Black "Zacharias, Helmut"]
[Result "0-1"]
[WhiteElo "1293"]
[BlackElo "1435"]
[PlyCount "69"]
[EventDate "2002.03.??"]
[EventType "swiss"]
[EventRounds "9"]
[EventCountry "GER"]
[SourceTitle "EXT 2006"]
[Source "ChessBase"]
[SourceDate "2005.11.24"]
[SourceVersion "1"]
[SourceVersionDate "2005.11.24"]
[SourceQuality "1"]

1. e4 c5 2. Nf3 Nc6 3. d4 cxd4 4. Nxd4 g6 5. Be3 Bg7 6. Nc3 Nf6 7. Be2 0-0 8. 0-0 d5 9. exd5 Nxd5 10. Nxd5 Qxd5 11. c3 Nxd4 12. Bxd4 e5 13. Be3 Be6 14. Qxd5 Bxd5 15. Rfd1 Bc6 16. Rd6 a6 17. Rad1 e4 18. h3 Be5 19. R6d2 b5 20. Bd4 Bc7 21. b4 a5 22. Bc5 Rfe8 23. Ra1 Bf4 24. Be3 Be5 25. Bd4 axb4 26. Bxe5 Rxe5 27. cxb4 Rae8 28. Rad1 e3 29. fxe3 Rxe3 30. Re1 Rg3 31. Bf3 Rxe1+ 32. Kf2 Bxf3 33. Kxg3 Bc6 34. Rd8+ Be8 35. Rc8 0-1

[Event "Bad Woerishofen Seniors op 18th"]
[Site "Bad Woerishofen"]
[Date "2002.03.09"]
[Round "3"]
[White "Zacharias, Helmut"]
[Black "Zohr, Adelbert"]
[Result "0-1"]
[WhiteElo "1435"]
[BlackElo "1762"]
[PlyCount "46"]
[EventDate "2002.03.??"]
[EventType "swiss"]
[EventRounds "9"]
[EventCountry "GER"]
[SourceTitle "EXT 2006"]
[Source "ChessBase"]
[SourceDate "2005.11.24"]
[SourceVersion "1"]
[SourceVersionDate "2005.11.24"]
[SourceQuality "1"]

1. d4 Nf6 2. g3 d5 3. Bg2 e6 4. e4 dxe4 5. f3 exf3 6. Nxf3 c5 7. 0-0 Nc6 8. c3 Be7 9. Re1 0-0 10. Bf4 Qb6 11. b3 Rd8 12. Nbd2 cxd4 13. Nc4 Qc5 14. Qd3 dxc3+ 15. Kh1 Rxd3 16. Nfe5 Nxe5 17. Rxe5 Qd4 18. Be3 Rd1+ 19. Rxd1 Qxd1+ 20. Bg1 Ng4 21. h3 Nxe5 22. Nxe5 Bc5 23. Nf3 c2 0-1